When the teddy bears came / Martin Waddell ; ... Read More
Available copies
- 1 of 1 copy available at LARL/NWRL Consortium.
Current holds
0 current holds with 1 total copy.
Show All Copies
| Location | Call Number / Copy Notes | Barcode | Shelving Location | Status | Due Date |
|---|---|---|---|---|---|
| Godel Memorial-Warren Library | e WAD (Text) | 35500002504734 | Main | Available | - |
Record details
- ISBN: 1564025292 :
- Physical Description: 1 v. (unpaged) : col. ill. ; 23 x 27 cm.
- Edition: 1st U.S. ed.
- Publisher: Cambridge, Mass. : Candlewick Press, 1995.
Content descriptions
| Summary, etc.: | When Tom's mother brings home the new baby, so ... Read More |
Search for related items by subject
| Subject: | Teddy bears > Fiction. Babies > Fiction. Brothers and sisters > Fiction. |
| LDR | 01123cam a2200289Ia 4500 | ||
|---|---|---|---|
| 001 | 16086 | ||
| 003 | LARL_NWRL_CONSORTIUM | ||
| 005 | 19950829143702.0 | ||
| 008 | 940328r19951995mau j 000 1 eng | ||
| 010 | . | ‡a94010580 /AC | |
| 020 | . | ‡a1564025292 : ‡c$14.95 ($16.95 Can.) | |
| 035 | . | ‡a(OCoLC)30154321 | |
| 040 | . | ‡aDLC ‡cDLC ‡dCBL | |
| 082 | 0 | 0. | ‡a[E] ‡220 |
| 099 | . | ‡aW | |
| 100 | 1 | . | ‡aWaddell, Martin. ‡0(LARL_NWRL_CONSORTIUM)78220 |
| 245 | 1 | 0. | ‡aWhen the teddy bears came / ‡cMartin Waddell ; illustrated by Penny Dale. |
| 250 | . | ‡a1st U.S. ed. | |
| 260 | . | ‡aCambridge, Mass. : ‡bCandlewick Press, ‡c1995. | |
| 300 | . | ‡a1 v. (unpaged) : ‡bcol. ill. ; ‡c23 x 27 cm. | |
| 520 | . | ‡aWhen Tom's mother brings home the new baby, so many teddy bears arrive as gifts that there is no room for Tom, but she assures him that there will always be a place for him. | |
| 650 | 1. | ‡aTeddy bears ‡vFiction. ‡0(LARL_NWRL_CONSORTIUM)167706 | |
| 650 | 1. | ‡aBabies ‡vFiction. | |
| 650 | 1. | ‡aBrothers and sisters ‡vFiction. ‡0(LARL_NWRL_CONSORTIUM)163634 | |
| 700 | 1 | . | ‡aDale, Penny. ‡0(LARL_NWRL_CONSORTIUM)211746 |
| 901 | . | ‡a16086 ‡bOCLC ‡c16086 ‡tbiblio | |

Add to basket
Permalink
Disable Highlighting